Southville International School and Colleges
Your cart is empty.
  • Cart
  • Lists
    Public lists Eva Luna New books Lux_list list_1
    Your lists Log in to create your own lists
  • Log in to your account
  • Your cookies
  • Search history
Southville International School and Colleges
  • Advanced search
  • Recent comments
  • Most popular
  • Libraries

Log in to your account

Log in with GOOGLE


If you do not have an external account, but do have a local account, you can still log in:

  1. Home
  2. MARC view: Talking, drawing, writing :
Normal view MARC view ISBD view

Talking, drawing, writing : (Record no. 22418)

[ view plain ]
MARC details
000 -LEADER
fixed length control field 01716nam a2200253 a 4500
003 - CONTROL NUMBER IDENTIFIER
control field PILC
005 - DATE AND TIME OF LATEST TRANSACTION
control field 20160229141627.0
008 - FIXED-LENGTH DATA ELEMENTS--GENERAL INFORMATION
fixed length control field 121015s19uu xx 00 eng d
020 ## - INTERNATIONAL STANDARD BOOK NUMBER
International Standard Book Number 9781571104564
050 ## - LIBRARY OF CONGRESS CALL NUMBER
Classification number LB 1528
Item number .H67 2007
100 ## - MAIN ENTRY--PERSONAL NAME
Personal name Horn, Martha.
245 ## - TITLE STATEMENT
Title Talking, drawing, writing :
Remainder of title lessons for our youngest writers /
Statement of responsibility, etc Martha Horn & Mary Ellen Giacobbe.
260 ## - PUBLICATION, DISTRIBUTION, ETC. (IMPRINT)
Place of publication, distribution, etc Portland, Me :
Name of publisher, distributor, etc Stenhouse Publishers,
Date of publication, distribution, etc 2007.
300 ## - PHYSICAL DESCRIPTION
Extent xii, 252 pages :
Other physical details color illustrations ;
Dimensions 28 cm.
500 ## - GENERAL NOTE
General note Includes bibliographical references.
520 ## - SUMMARY, ETC.
Summary, etc "In Talking, Drawing, Writing: Lessons for Our Youngest Writers, Martha Horn and Mary Ellen Giacobbe invite readers to join them in classrooms where they listen, watch, and talk with children, then use what they learn to create lessons designed to meet children where they are and lead them into the world of writing, advocating for formal storytelling sessions, in which children tell about what they know, and for focused sketching sessions so that budding writers learn how to observe more carefully.". "The book's lessons are organized by topic and include oral storytelling, drawing, writing words, assessment, introducing booklets, and moving writers forward. Based on the authors' work in urban kindergarten and first-grade classes, the essence and structure of many of the lessons lend themselves to adaptation through fifth grade."--BOOK JACKET
650 ## - SUBJECT ADDED ENTRY--TOPICAL TERM
Topical term or geographic name as entry element Language arts (Primary).
650 ## - SUBJECT ADDED ENTRY--TOPICAL TERM
Topical term or geographic name as entry element Creative writing (Primary education).
650 ## - SUBJECT ADDED ENTRY--TOPICAL TERM
Topical term or geographic name as entry element Drawing
General subdivision Study and teaching (Primary).
650 ## - SUBJECT ADDED ENTRY--TOPICAL TERM
Topical term or geographic name as entry element Storytelling
General subdivision Study and teaching (Primary).
700 ## - ADDED ENTRY--PERSONAL NAME
Personal name Giacobbe, Mary Ellen.
942 ## - ADDED ENTRY ELEMENTS (KOHA)
Koha item type Books
Source of classification or shelving scheme Library of Congress Classification
Call number prefix Foreign
Holdings
Withdrawn status Lost status Source of classification or shelving scheme Damaged status Home library Current library Shelving location Date acquired Source of acquisition Cost, normal purchase price Total Checkouts Full call number Barcode Date last seen Copy number Price effective from Koha item type
    Library of Congress Classification   College Library College Library General Circulation Section 10/15/2012 Library Fund 1800.00   LB 1528 .H67 2007 C16389 05/15/2018 1 10/10/2013 Books

Talking, drawing, writing :

APA

Horn M., Giacobbe M. E., . (2007). Talking, drawing, writing. Portland, Me: Stenhouse Publishers.

Chicago

Horn Martha, Giacobbe Mary Ellen, . 2007. Talking, drawing, writing. Portland, Me: Stenhouse Publishers.

Harvard

Horn M., Giacobbe M. E., . (2007). Talking, drawing, writing. Portland, Me: Stenhouse Publishers.

MLA

Horn Martha, Giacobbe Mary Ellen, . Talking, drawing, writing. Portland, Me: Stenhouse Publishers. 2007.

  • Place hold
  • Print
  • Cite
  • Add to your cart (remove)
  • Save record
    BIBTEX Dublin Core MARCXML MARC (non-Unicode/MARC-8) MARC (Unicode/UTF-8) MARC (Unicode/UTF-8, Standard) MODS (XML) RIS
  • More searches
    Search for this title in:
    Other Libraries (WorldCat) Other Databases (Google Scholar) Online Stores (Bookfinder.com) Open Library (openlibrary.org)

Exporting to Dublin Core...

SOUTHVILLE LIBRARY

Southville International School and Colleges Library

1281 Tropical Ave. Cor. Luxembourg St., BF Homes International, Las Pinas City

Tel. No. 8256374 / 252358 Loc. 117/146

Powered by Koha